Normal view
MARC view
Entry Título uniforme
001 - NÚMERO DE CONTROL
- campo de control: 233803
003 - IDENTIFICADOR DE NÚMERO DE CONTROL
- campo de control: ES-MaACL
005 - FECHA Y HORA DE LA ÚLTIMA TRANSACCIÓN
- campo de control: 20240527180844.0
008 - ELEMENTOS DE DATO DE LONGITUD-FIJA
- campo de control de longitud fija: 230722|| aca||aabn | a|a d
040 ## - FUENTE DE CATALOGACIÓN
- Centro catalogador/agencia de origen: ES-MaACL
- Centro/agencia transcriptor: ES-MaACL
130 ## - ENCABEZAMIENTO--TÍTULO UNIFORME
- Título uniforme: Códice Madrid II-
- Subdivisión de forma: Exposiciones
670 ## - FUENTE DE DATOS ENCONTRADOS
- Cita de la fuente: Work cat.: (ES-MaACL)193012: Biblioteca Nacional de España 162675, El imaginario de Leonardo :, 2012
